000 00884nam a2200253Ia 4500
003 OSt
005 20221005103328.0
006 a|||||r|||| 00| 0
007 ta
008 221004b |||||||| |||| 00| 0 hin d
024 _a26970
037 _bGift, 16/05/2016,
_cTextual
040 _aCRL
_cCRL
_bhin
041 _2hin
_ahin
082 _aO152,3:gN, M7
100 _aपुष्पपाल सिंह
245 0 _aसमकालीन हिन्दी कहानी
246 _aSamakālīn hindī kahānī
260 _aचण्डीगढ
_bहरियाणा साहित्य अकादमी भारत
_c1987
300 _a253पृ0
_ccm.
650 _aहिन्दी साहित्य
942 _hO152,3:gN, M7
_cTEXL
_2cc
999 _c1009852
_d1009852